| 000 | 00709nam a22002297a 4500 | ||
|---|---|---|---|
| 005 | 20170124110048.0 | ||
| 010 | _aB-079365 | ||
| 020 |
_c00.00 _a8186622616 |
||
| 035 | _aB-079365 | ||
| 037 | _bCen Lib/Ret | ||
| 040 |
_aDPL _bEN |
||
| 082 |
_a792.0954 _bNAR |
||
| 100 |
_aNarayan, Shovana _924857 |
||
| 245 |
_aIndian theatre and dance traditions / _cby Shovana Narayan |
||
| 260 |
_aNew Delhi _bHarman Publishing House _c2004 |
||
| 270 |
_aA-23, Naraina Industrial Area, Phase-II _bNew Delhi _e110028 |
||
| 300 |
_a168p. : _c24cm(Hb) _bill. |
||
| 500 | _aIncludes index | ||
| 650 |
_aDance -- India. _924858 |
||
| 650 |
_aTheater -- India. _924859 |
||
| 942 |
_2ddc _cEN _h792.0954 _mNAR |
||
| 999 |
_c128928 _d128928 |
||